00911nam a22002297a 4500999001500000001000600015003000900021005001700030008004100047040003800088082002200126100002600148245009300174250001200267260004100279300002500320650004000345650001100385942001200396952013800408952013500546 c8380d838022013BD-DhUAP20240110132233.0240110b20072022bg d|||| |||| 000 0 eng d aBD-DhUAPbEngcBD-DhUAPdBD-DhUAP 223a347.54077 BHU aBhuiyan, Kamruzzaman. aSuits & remedies : bBased on the Decision of Appellate Division /cKamruzzaman Bhuiyan. a4th ed. aDhaka :bKamruzzaman Bhuiyan;c2007. a 433 pages ;c24 cm. a Extraordinary remedieszBangladesh aSuits. 2ddccBK 00102ddc4070aUAPCLbUAPCLcGeneral Stacksd2024-01-10l4m2o347.54077 BHUp3010022013r2025-11-18s2025-10-15t1w2024-01-10yBK 00102ddc4070aUAPCLbUAPCLcGeneral Stacksd2024-01-10l1o347.54077 BHUp3010022014r2024-10-17s2024-10-01t2w2024-01-10yBK